Fighting Shadows: (Record no. 593144)

000 -LEADER
fixed length control field 00394nam a22001457a 4500
003 - CONTROL NUMBER IDENTIFIER
control field NUST
005 - DATE AND TIME OF LATEST TRANSACTION
control field 20230207102027.0
038 ## - RECORD CONTENT LICENSOR
Staff Name Muhammad Ibrahim
082 ## - DEWEY DECIMAL CLASSIFICATION NUMBER
Classification number 355.033095491
Author Mark SAL
100 ## - MAIN ENTRY--PERSONAL NAME
Personal name Salik, Muhammad Samrez
9 (RLIN) 28645
245 ## - TITLE STATEMENT
Title Fighting Shadows:
Remainder of title Post-war on Terror: Pakistan /
Statement of responsibility, etc. Muhammad Samrez Salik
260 ## - PUBLICATION, DISTRIBUTION, ETC.
Place of publication, distribution, etc. Islamabad :
Name of publisher, distributor, etc. NDU,
Date of publication, distribution, etc. 2019.
300 ## - PHYSICAL DESCRIPTION
Extent 226 p.
942 ## - ADDED ENTRY ELEMENTS (KOHA)
Source of classification or shelving scheme
Koha item type Book
Holdings
Withdrawn status Lost status Source of classification or shelving scheme Damaged status Not for loan Permanent Location Current Location Shelving location Date acquired Total Checkouts Full call number Barcode Date last seen Price effective from Koha item type
          Centre for International Peace & Stability (CIPS) Centre for International Peace & Stability (CIPS) General Stacks 02/28/2022   355.033095491 SAL 2019 CIPSD0000600 02/07/2023 02/07/2023 Book
          Centre for International Peace & Stability (CIPS) Centre for International Peace & Stability (CIPS) General Stacks 02/28/2022   355.033095491 SAL 2019 CIPSD0000601 02/07/2023 02/07/2023 Book
          Centre for International Peace & Stability (CIPS) Centre for International Peace & Stability (CIPS) General Stacks 02/28/2022   355.033095491 SAL 2019 CIPSD0000602 02/07/2023 02/07/2023 Book
© 2023 Central Library, National University of Sciences and Technology. All Rights Reserved.